Darkest hours (Record no. 925031)

MARC details
000 -LEADER
fixed length control field 00736nam a2200241Ia 4500
003 - CONTROL NUMBER IDENTIFIER
control field OSt
005 - DATE AND TIME OF LATEST TRANSACTION
control field 20221002054526.0
008 - FIXED-LENGTH DATA ELEMENTS--GENERAL INFORMATION
fixed length control field 220930b |||||||| |||| 00| 0 eng d
037 ## - SOURCE OF ACQUISITION
Terms of availability Reference Collections
040 ## - CATALOGING SOURCE
Original cataloging agency CRL
Transcribing agency CRL
Language of cataloging eng
041 ## - LANGUAGE CODE
Source of code eng
Language code of text/sound track or separate title eng
100 ## - MAIN ENTRY--PERSONAL NAME
Personal name Nash Jay Robert
9 (RLIN) 423849
245 #0 - TITLE STATEMENT
Title Darkest hours
Remainder of title A narrative encyclopedia of worldwide disasters from ancient times to the present.
260 ## - PUBLICATION, DISTRIBUTION, ETC.
Place of publication, distribution, etc. Chicago
Name of publisher, distributor, etc. Nelson-Hall
Date of publication, distribution, etc. 1976
300 ## - PHYSICAL DESCRIPTION
Extent 812p.
Dimensions cm.
650 ## - SUBJECT ADDED ENTRY--TOPICAL TERM
Topical term or geographic name entry element HISTORY
942 ## - ADDED ENTRY ELEMENTS (KOHA)
Classification part V1(Y:435).N, L6(RR)
Koha item type
Source of classification or shelving scheme Colon Classification (CC)

No items available.

Copyright @ Delhi University Library System